000 04130nab a2200313 i 4500
003 BR-BrBNA
005 20240807123614.0
008 240807b2017 bl.|r|pooa||| 00| 0 eng |
040 _aBR-BrBNA
_beng
072 _aL70
_b5400
100 _a Horta, R.S.
100 _aLavalle, G.E.
100 _aCosta, M.P.
100 _aMoura, L.L.
100 _aMarcinowska, A.
100 _aAraújo, R.B.
245 _aOutcome of adjuvant chemotherapy with lomustine, vinblastine and chlorambucil on management of canine mast cell tumour of high to intermediate risk
500 _a Publicação online; 33 ref.; 3 tables; Summaries (En, Pt)
520 _a ABSTRACT - In spite of the many available protocols, the use of chemotherapy for the management of canine mast cell tumours (MCT) remains empirical, and there is lack of criteria for the choice of protocol and definition of patients who may benefit from treatment. The objective of this study was to evaluate the outcome of dogs with MCT after adjuvant chemotherapy according to the risk of recurrence or metastasis proposed on the literature. This prospective study included 89 followed up dogs with prognosis assesment including clinical, histological, immunohistochemical and genetic features of canine MCT. Patients were grouped according to risk of recurrence and metastasis and recommended treatment with lomustine followed by chlorambucil if considered at high-risk, or vinblastine followed by chlorambucil if a patient was at intermediate risk. Outcome was defined by disease-free interval (DFI) and overall survival (OS) estimated by Kaplan-Meier curve. Adjuvant lomustine was useful for control of canine MCT of high-risk of recurrence or metastasis, but only when sequentially associated to chlorambucil with a DFI of 686 days and not reached OS. There was no difference in outcome in the intermediate-risk group despite choosen treatment. Patients at intermediate-to-low risk may not require adjuvant treatments, even in the absence of free surgical margins. Keywords: dog, neoplasm, mast cells, Ki-67, c-kit
520 _a RESUMO - Apesar dos inúmeros protocolos disponíveis, o uso da quimioterapia permanece empírico para o mastocitoma canino e faltam critérios para escolha do protocolo e da definição dos pacientes que poderiam se beneficiar do tratamento. O objetivo deste estudo foi avaliar o resultado de cães com mastocitoma após a quimioterapia adjuvante, de acordo com o risco de recorrência ou metástase proposto na literatura. Este estudo prospectivo incluiu 89 cães com acompanhamento clínico e avaliação prognóstica, incluindo características clínicas, histológicas, imuno-histoquímicas e genéticas dos mastocitomas. Os pacientes foram agrupados segundo o risco de recorrência ou metástase, sendo recomendado tratamento com lomustina seguida de clorambucila, se considerados sob alto risco, ou vimblastina seguida de clorambucila, se estivessem sob risco intermediário. O resultado final foi definido pelo intervalo livre de doença (ILD) e pela sobrevida global (SG), estimados pela curva de KaplanMeier. Na adjuvância, a lomustina foi útil no controle do mastocitoma canino de alto risco, mas apenas quando associada ao clorambucila, com um ILD de 686 dias, sem atingir a mediana para SG. Não houve diferença no grupo de risco intermediário, independentemente do tratamento escolhido. Pacientes de risco intermediário podem não necessitar de tratamentos adjuvantes, mesmo na ausência de margens cirúrgicas livres. Palavras-chave: cão, neoplasia, mastócitos, Ki-67, c-kit
650 _aCÃO
650 _aNEOPLASIA
650 _aQUIMIOTERAPIA
650 _aVETERINÁRIA
773 0 _01643
_9316504
_dBelo Horizonte-MG Universidade Federal de Minas Gerais - Escola de Veterinaria 1983
_o2024-2999
_tArquivo Brasileiro de Medicina Veterinária e Zootecnia (Brazil)
_x0102-0935
_gv. 69(6) p. 1426-1436; (2017)
_wBR2026002230
856 _uhttps://www.scielo.br/j/abmvz/a/TsdGvgKc3qq3GVZCC55Jjgc/?format=pdf&lang=en
942 _cAnalítica
999 _c300772
_d300772